Giáo trình đàm thoại Hàn - Việt thông dụng

Salvato in:
Dettagli Bibliografici
Autore principale: Kwon, Hyuk-Jong
Natura: Libro
Lingua:Undetermined
Pubblicazione: Thành phố Hồ Chí Minh Trẻ 2005
Soggetti:
Tags: Aggiungi Tag
Nessun Tag, puoi essere il primo ad aggiungerne! !
Thư viện lưu trữ: Trung tâm Học liệu Trường Đại học Cần Thơ
LEADER 00579nam a2200205Ia 4500
001 CTU_96297
008 210402s9999 xx 000 0 und d
020 |c 15000 
082 |a 495.7 
082 |b H999 
100 |a Kwon, Hyuk-Jong 
245 0 |a Giáo trình đàm thoại Hàn - Việt thông dụng 
245 0 |c Kwon Hyuk-Jong 
260 |a Thành phố Hồ Chí Minh 
260 |b Trẻ 
260 |c 2005 
650 |a Korea language,Korea language 
650 |x Vietnamese 
904 |i M.Loan 
980 |a Trung tâm Học liệu Trường Đại học Cần Thơ